Curso de derecho tributario (Registro nro. 803)

Detalles MARC
000 -LEADER
fixed length control field 01057 a2200229 4500
001 - CONTROL NUMBER
control field 21308
005 - DATE AND TIME OF LATEST TRANSACTION
control field 20260407155504.0
008 - FIXED-LENGTH DATA ELEMENTS--GENERAL INFORMATION
fixed length control field 260407a2013 arg spa d
003 - CONTROL NUMBER IDENTIFIER
control field AR-UNSa-BCEJYS
040 ## - CATALOGING SOURCE
Original cataloging agency AR-UNSa-BCEJYS
Language of cataloging spa
Transcribing agency AR-UNSa-BCEJYS
080 ## - UNIVERSAL DECIMAL CLASSIFICATION NUMBER
Universal Decimal Classification number 336.2
Common auxiliary subdivision Ingresos públicos (Derecho tributario)
020 ## - INTERNATIONAL STANDARD BOOK NUMBER
International Standard Book Number 978-9974-708-07-5
100 1# - MAIN ENTRY--PERSONAL NAME
Personal name Valdés Costa, Ramón
245 10 - TITLE STATEMENT
Title Curso de derecho tributario
Name of part/section of a work ingresos públicos, normas tributarias, relación jurídica tributaria
250 ## - EDITION STATEMENT
Edition statement 4a. ed.
264 #1 - PRODUCTION, PUBLICATION, DISTRIBUTION, MANUFACTURE, AND COPYRIGHT NOTICE
Place of production, publication, distribution, manufacture Montevideo :
Name of producer, publisher, distributor, manufacturer B de F
Date of production, publication, distribution, manufacture, or copyright notice 2013
300 ## - PHYSICAL DESCRIPTION
Extent xxxi, 424 p.
Dimensions 23 cm.
505 ## - FORMATTED CONTENTS NOTE
Formatted contents note 1. Los ingresos públicos - 2. Precios financieros - 3. Teoría de los tributos - 4. El impuesto - 5. La tasa - 6. La contribución especial - 7. Las normas tributarias - 8. Interpretación - 9. La relación jurídica tributaria - 10. Proceso formativo de la obligación
590 ## - LOCAL NOTE (RLIN)
Local note niveau_biblio:m niveau_hierar:0
856 41 - ELECTRONIC LOCATION AND ACCESS
Uniform Resource Identifier <a href="https://biblioeco.unsa.edu.ar/pmb/images/libros/Derecho Tributario.jpg">https://biblioeco.unsa.edu.ar/pmb/images/libros/Derecho Tributario.jpg</a>
Link text Imagen de portada
Electronic format type image/jpeg
942 ## - ADDED ENTRY ELEMENTS (KOHA)
Koha item type
Existencias
Withdrawn status Lost status Damaged status Not for loan Home library Current library Shelving location Date acquired Total checkouts Full call number Barcode Date last seen Price effective from Koha item type
        Biblioteca Prof. Eusebio Cleto del Rey Biblioteca Prof. Eusebio Cleto del Rey   07/04/2026   336.2 V144 4ed. L119330 07/04/2026 07/04/2026 Libro
        Biblioteca Prof. Eusebio Cleto del Rey Biblioteca Prof. Eusebio Cleto del Rey   07/04/2026   336.2 V144 4ed. L119331 07/04/2026 07/04/2026 Libro
        Biblioteca Prof. Eusebio Cleto del Rey Biblioteca Prof. Eusebio Cleto del Rey   07/04/2026   336.2 V144 4ed. L119332 07/04/2026 07/04/2026 Libro